000 00940nam a2200253Ia 4500
999 _c54191
_d54191
001 21247
003 GE_BSU
005 20211008140453.0
008 181216s2016||||ge |||||||||||||| ||geo||
020 _a9789941457661
040 _cGE_BSU
041 _ageo
080 _a2-637.5 ი-76
100 _aირემაძე, თენგიზ
_92229
245 _aრელიგია-შემწყნარებლობა-სახელმწიფო /
_cთენგიზ ირემაძე.
264 _aთბილისი :
_bნეკერი,
_c2016.
300 _a36 გვ. ;
_c 20 სმ.
490 _aაღმოსავლეთი და დასავლეთი კულტურათა დიალოგი
541 _h7ლ.50თ.
653 _aრელიგია
653 _aშემწყნარებლობა
653 _aსახელმწიფო
942 _cBK
_2udc